| 000 | 00393cam a2200145ua 4500 | ||
|---|---|---|---|
| 003 | OSt | ||
| 008 | 250415b |||||||| |||| 00| 0 eng d | ||
| 082 |
_a624 _bJOH/MA |
||
| 100 |
_aJohnson, A . _91603 |
||
| 245 | _aManual of Specifications and Quantities for Civil Engineers / | ||
| 250 | _a5 / | ||
| 260 |
_aLondon : _bEnglish Universities Press , _c1961. |
||
| 300 | _a200 ; . | ||
| 942 | _cBK | ||
| 999 |
_c6824 _d6824 |
||